| 000 | 00531nam a2200181 4500 | ||
|---|---|---|---|
| 008 | 0 1984 0a 000 0MEX | ||
| 020 | _a968-6034-37-4 | ||
| 050 | _aTJ265 B8618 1984 | ||
| 082 | _a621.40 21 B956i | ||
| 100 | _aBurghardt, M. David | ||
| 245 | _aIngeniería termodinamica / David Burghardth M. | ||
| 250 | _a2 | ||
| 260 | _aMéxico : Harla | ||
| 300 | _axviii, 558 p. / 23 cm. | ||
| 500 | _aIncluye índice y ap‚ndice | ||
| 650 | _a1. TERMODINAMICA | ||
| 700 | _aEscobar Hern ndez, Jose Carlos, Tr. | ||
| 999 |
_c14469 _d14469 |
||